| 000 | 00900nam a22002537a 4500 | ||
|---|---|---|---|
| 005 | 20170123164151.0 | ||
| 010 | _aB-230691 | ||
| 020 | _a150.00 | ||
| 035 | _aB-230691 | ||
| 037 | _bCen Lib / Ret | ||
| 040 |
_aDPL _bPN |
||
| 082 |
_a854 _bਕਾਨਾਸਿੰ |
||
| 100 |
_aਕਾਨਾ ਸਿੰਘ _9126385 |
||
| 245 |
_aਉਕਾਬ ਦੀ ਅਖ / _cਕਾਨਾ ਸਿੰਘ |
||
| 246 |
_aUkaab dee akh / _bby Kana Singh |
||
| 260 |
_aਚੰਡੀਗੜ੍ਹ _bਲੋਕਗੀਤ ਪ੍ਰਕਾਸ਼ਨ _c2006 |
||
| 270 |
_aSCO 26-27, Sector 34A _bChandigarh _e160022 |
||
| 300 |
_a147p. _c23cm(Hb) |
||
| 650 |
_aਸਾਹਿਤ -- ਪੰਜਾਬੀ _9126386 |
||
| 650 |
_aਪੰਜਾਬੀ- ਨਿਬੰਧ _9126387 |
||
| 650 |
_aLiterature -- Punjabi _9126388 |
||
| 650 |
_aPunjabi - Essays _9118968 |
||
| 942 |
_2ddc _cPN _h854 _mਕਾਨਾਸਿੰ |
||
| 999 |
_c110367 _d110367 |
||